Ô Châu Cận Lục Tân dịch hiệu chú

Viết về địa chí dải đất từ Quảng Bình đến Bắc Quảng Nam vào nửa đầu thế kỷ XVI, dưới thời Lê - Mạc

Na minha lista:
Detalhes bibliográficos
Autor principal: Dương Văn An
Outros Autores: Trần Đại Vinh (Dịch), Hoàng Văn Phúc (Dịch)
Formato: Livro
Idioma:Vietnamese
Publicado em: Huế Nxb. Thuận Hoá 2001
Assuntos:
Tags: Adicionar Tag
Sem tags, seja o primeiro a adicionar uma tag!
Thư viện lưu trữ: Mạng thư viện Đại học Đà Nẵng
LEADER 01435nam a22004098a 4500
001 000015468
003 11848
005 20120529080557.0
008 120529s2001 b 000 0 od
020 |c 32000đ  |d 500b 
041 0 |a 0104 
041 0 |a dịch hán 
041 0 |a vie 
080 |a 913(V215) 
082 |a 913  |b DƯ-A 
084 |a Đ9(1-4Qb)0  |b Ô450C 
100 1 |a Dương Văn An 
245 1 0 |a Ô Châu Cận Lục  |b Tân dịch hiệu chú  |c Dương Văn An ; Hiệu đính - Dịch chú: Trần Đại Vinh, Hoàng Văn Phúc 
260 |a Huế  |b Nxb. Thuận Hoá  |c 2001 
300 |a 199tr  |c 21cm 
520 |a Viết về địa chí dải đất từ Quảng Bình đến Bắc Quảng Nam vào nửa đầu thế kỷ XVI, dưới thời Lê - Mạc 
653 |a Địa phương chí 
653 |a Việt Nam 
653 |a Quảng Bình 
653 |a Hán tự cổ 
700 1 |a Trần Đại Vinh  |e Dịch 
700 1 |a Hoàng Văn Phúc  |e Dịch 
OWN |a LSP 
AVA |a UDN50  |b LSP  |d 913 DƯ-A  |e available  |t Error 5001 Not defined in file expand_doc_bib_avail.  |f 1  |g 0  |h N  |i 0  |k 1 
999 |a From the UDN01 
AVA |a UDN50  |b LSP  |d 913 DƯ-A  |e available  |t Error 5001 Not defined in file expand_doc_bib_avail.  |f 1  |g 0  |h N  |i 0  |k 1 
TYP |a Monograph 
TYP |a Printed language 
980 |a Mạng thư viện Đại học Đà Nẵng